Score 0/18 Timer 04:00
2 Plays Today
Jumble Flower % Correct
LLYILILY
99.7%
EOSRROSE
98.6%
SYADIDAISY
96.6%
PLITUTULIP
96%
LVOIETVIOLET
95.4%
ILCALLILAC
90.3%
SYPNAPANSY
84.1%
FLDDAOIFDAFFODIL
83.5%
YPONEPEONY
75.2%
Jumble Flower % Correct
WOFLREUNSSUNFLOWER
70%
KTOSCSTOCK
67.3%
CROHDIORCHID
64.9%
IARMLODGMARIGOLD
55.1%
AUNTPIEPETUNIA
50.6%
NACTONIRACARNATION
38.4%
YRGEHANADHYDRANGEA
36.4%
DANIEAGRGARDENIA
29.9%
GRTOEFEMOTNFORGET-ME-NOT
18%
Remove Ads.
Support Sporcle.
Get the best of Sporcle when you Go Orange. This ad-free experience offers more features, more stats, and more fun while also helping to support Sporcle. Thank you for becoming a member.

You're not logged in!

Compare scores with friends on all Sporcle quizzes.
OR
Log In

Show Comments

Extras

Top Quizzes Today


Score Distribution

Your Account Isn't Verified!

In order to create a playlist on Sporcle, you need to verify the email address you used during registration. Go to your Sporcle Settings to finish the process.

Report this User

Report this user for behavior that violates our Community Guidelines.

Details: